Introduction to the mathematical theory of compressible flow / (Record no. 29154)

000 -LEADER
fixed length control field 00762 a2200193 4500
020 ## - INTERNATIONAL STANDARD BOOK NUMBER
International Standard Book Number 0198530846
020 ## - INTERNATIONAL STANDARD BOOK NUMBER
International Standard Book Number 9780198530848
082 04 - DEWEY DECIMAL CLASSIFICATION NUMBER
Classification number 620.1
090 ## - LOCALLY ASSIGNED LC-TYPE CALL NUMBER (OCLC); LOCAL CALL NUMBER (RLIN)
-- 524
-- 524
100 1# - MAIN ENTRY--PERSONAL NAME
Personal name Novotny, Antonin.
245 10 - TITLE STATEMENT
Title Introduction to the mathematical theory of compressible flow /
Statement of responsibility, etc. Antonin Novotny, Ivan Straskraba.
260 ## - PUBLICATION, DISTRIBUTION, ETC.
Place of publication, distribution, etc. [S.l.] :
Name of publisher, distributor, etc. Oxford University Press, USA,
Date of publication, distribution, etc. 2004.
300 ## - PHYSICAL DESCRIPTION
Extent 528 p. ;
Dimensions 24 cm.
490 1# - SERIES STATEMENT
Series statement Oxford lecture series in mathematics and its applications, 27.
700 1# - ADDED ENTRY--PERSONAL NAME
Personal name Straskraba, Ivan.
830 #0 - SERIES ADDED ENTRY--UNIFORM TITLE
Uniform title Oxford lecture series in mathematics and its applications, 27.
942 ## - ADDED ENTRY ELEMENTS (KOHA)
Institution code [OBSOLETE] SNS
Koha item type Book
Call number prefix 620.1 NOV
Holdings
Withdrawn status Lost status Damaged status Not for loan Permanent Location Current Location Date acquired Total Checkouts Full call number Barcode Date last seen Price effective from Koha item type
        School of Natural Sciences (SNS) School of Natural Sciences (SNS) 05/26/2016   620.1 NOV SNS0000465 05/26/2016 05/26/2016 Book
© 2023 Central Library, National University of Sciences and Technology. All Rights Reserved.